Гендерні особливості віртуальної комунікації американської молоді (Запис № 285954)

МАРК-запис
000 -Лідер
fixed length control field 02417nam a22002297a 4500
001 - Контрольний номер
control field 216222718
003 - Ідентифікатор контрольного номера
control field UA-OsUOA
005 - Дата та час останнього входження (трансакції)
control field 20220825105510.0
008 - Елементи даних фіксованої довжини – загальна інформація
fixed length control field 220825b un d|||f |||| 00| 0 ukr d
040 ## - Джерело каталогізації
Агенція оригінальної каталогізації UA-OsUOA
Мова каталогізації ukr
Агенція, яка здійснювала перезапис UA-OsUOA
Агенція, яка здійснювала модифікацію UA-OsUOA
041 ## - Код мови
Код мови тексту/ звукової доріжки чи окремого заголовка (П) ukr
080 ## - Індекс Універсальної десяткової класифікації
Індекс Універсальної десяткової класифікації (УДК) (НП) 305
090 ## - Локальний шифр розміщення
Класифікаційний індекс УДК 305
Авторський знак (НП) К61
100 ## - Основне введення – ім’я особи
Ім’я особи (НП) Коломієць Ю. В.
245 ## - Відомості про назву
Назва (НП) Гендерні особливості віртуальної комунікації американської молоді
Дані про відповідальність (НП) Коломієць Ю. В.
260 ## - Публікація, розповсюдження і т.п. (Вихідні дані)
Місце публікації, розповсюдження і т.п. (П) Острог
Ім’я/ наймення видавництва, розповсюджувача і т.п. (П) КАФ
Дата публікації, розповсюдження і т.п. (П) 2017
300 ## - Фізичний опис
Обсяг 72 с.
520 ## - Резюме і т.п.
Резюме, реферат, анотація, тощо (НП) Вступ.<br/>Розділ І. Специфіка феномену віртуальної комунікації.<br/>1.1. Сутність поняття "віртуальна комунікація"<br/>1.2. Основні форми віртуальної комунікації<br/>1.3. Структурні, мовні та жанрові особливості інтернет-спілкування<br/>Розділ ІІ. Розвиток американського віртуального простору.<br/>2.1. Особливості розвитку віртуального простору Америки. Типи віртуальних спільнот<br/>2.2. віртуальна комунікація як чинник соціалізації молоді<br/>2.3. Соціальні мережі як форма комунікації<br/>Розділ ІІІ. Особливості гендерної віртуальної комунікації американської молоді (на прикладі листування у соціальних мережах користувачів віком 18-25 років).<br/>3.1. Гендерна й вікова структура американської інтернет-спільноти<br/>3.2. Засоби гендерної само-презентації особистості в Інтернеті<br/>3.3. Особливості віртуального спілкування хлопців та дівчат англійською мовою<br/>Висновки.<br/>Список використаних джерел та літератури.<br/>Додатки.
650 ## - Додаткове предметне введення – тематичний термін
Тематичний термін чи географічна назва, як елемент введення (НП) 305 Гендерні дослідження (соціально-біологічні дослідження з питань статі)
Джерело заголовка чи терміна UDC
942 ## - Додаткові елементи входу (Коха)
Тип елемента Koha Книги
Source of classification or shelving scheme Universal Decimal Classification
955 ## - Код типу видання за змістом
Код типу видання за змістом (НП) Наукові видання
Фонди
Стан вилучень Стан втрат Джерело класифікації або схеми стелажів Стан уражень Не для кредиту Постійне місце розташування Поточне розміщення Дата придбання Джерело придбання Вартість, звичайна ціна покупки Повний номер виклику Штрих-код Дата останнього перегляду Вартість, ціна заміни Ціна ефективна від Тип елемента Koha Примітка, призначена для загального доступу
    Universal Decimal Classification     ВІЛ - Відділ іноземн. літератури НБ ВІЛ - Відділ іноземн. літератури НБ 27/06/2017 Акт №02/17 1.00 305 К61 216033 10/11/2021 1.00 27/06/2017 Книги Дипломна робота (бакалавр)